[Event "Druga liga CS - zapad 2014"]
[Site "Sabac"]
[Date "2014.09.27"]
[Round "5.5"]
[White "Gavrilovic, Leonardo"]
[Black "Simic, Goran S"]
[Result "1-0"]
[WhiteElo "2225"]
[BlackElo "2099"]
[PlyCount "81"]
[EventDate "2014.09.25"]

1. Nf3 d5 2. c4 d4 3. e3 dxe3 4. fxe3 g6 5. d4 Bg7 6. Nc3 Nf6 7. Bd3 O-O 8. O-O
Nc6 9. h3 Nd7 10. a3 a5 11. Qc2 e5 12. d5 Nc5 13. Be2 Ne7 14. e4 f5 15. Be3
Nxe4 16. Nxe4 fxe4 17. Qxe4 Nf5 18. Bf2 Qe7 19. c5 Nh6 20. Bc4 Kh8 21. Rad1 Bf5
22. Qe3 Nf7 23. d6 cxd6 24. Bxf7 Qxf7 25. cxd6 Rfe8 26. Ng5 Qd7 27. g4 Bc2 28.
Rc1 h6 29. Rxc2 hxg5 30. Rcc1 Rac8 31. Rxc8 Rxc8 32. Qxg5 Kh7 33. Qe7 Qxe7 34.
dxe7 Re8 35. Bh4 Kg8 36. Rd1 Kf7 37. a4 e4 38. b3 Bc3 39. Kf2 Bb4 40. Ke3 Bxe7
41. Rd7 1-0

[Event "Druga liga CS - zapad 2014"]
[Site "Sabac"]
[Date "2014.09.27"]
[Round "5.5"]
[White "Osatovic, Aleksandar*"]
[Black "Matovic, Petar"]
[Result "1-0"]
[WhiteElo "2053"]
[BlackElo "2213"]
[PlyCount "105"]
[EventDate "2014.09.25"]

1. d4 d5 2. c4 c6 3. Nc3 Nf6 4. cxd5 cxd5 5. Bf4 a6 6. e3 Nc6 7. Bd3 g6 8. h3
Bg7 9. a3 O-O 10. Nf3 b5 11. b4 Bb7 12. O-O e6 13. Qb3 Qe7 14. Rfb1 Rfc8 15. a4
a5 16. Nxb5 Nxb4 17. Bd6 Qd8 18. Bxb4 axb4 19. Qxb4 Bf8 20. Qd2 Ba6 21. Rc1 Nd7
22. a5 Rxc1+ 23. Rxc1 Rc8 24. Ra1 Nb8 25. Bf1 Qe7 26. Rb1 Nc6 27. Ne5 Nb4 28.
Nd3 Bxb5 29. Nxb4 Bxf1 30. Kxf1 Rb8 31. Rb2 Qd6 32. Kg1 Rb5 33. Nd3 Rxb2 34.
Qxb2 Qa6 35. Qd2 Bd6 36. Nc5 Qb5 37. g3 Kf8 38. Qc3 Ke7 39. a6 Bb8 40. Qa3 Qb6
41. Ne4+ Kd7 42. Nf6+ Kc6 43. Qa4+ Qb5 44. Qxb5+ Kxb5 45. Nxh7 Kxa6 46. Ng5 e5
47. dxe5 Bxe5 48. Nxf7 Bf6 49. Kg2 Kb6 50. Kf3 Kc7 51. Kf4 d4 52. exd4 Bxd4 53.
f3 1-0

[Event "Druga liga CS - zapad 2014"]
[Site "Sabac"]
[Date "2014.09.27"]
[Round "5.5"]
[White "Radosavljevic, Slobodan S"]
[Black "Stevanovic, Milos**"]
[Result "1-0"]
[WhiteElo "2166"]
[BlackElo "1611"]
[PlyCount "104"]
[EventDate "2014.09.25"]

1. d4 Nf6 2. Nf3 g6 3. Nbd2 d5 4. e3 Bg7 5. Bd3 O-O 6. O-O b6 7. Qe2 Bb7 8. Ne5
c5 9. c3 Nfd7 10. Ndf3 Nc6 11. Nxd7 Qxd7 12. dxc5 bxc5 13. Ba6 Rfd8 14. Rd1 Qc8
15. Bb5 a6 16. Bd3 f5 17. c4 e5 18. cxd5 Nb4 19. e4 Nxd3 20. Rxd3 fxe4 21. Qxe4
Qf5 22. Qxf5 gxf5 23. Nh4 Bxd5 24. Bg5 e4 25. Rd2 Rd7 26. Rad1 h6 27. Be3 Rad8
28. Nxf5 Be6 29. Rxd7 Rxd7 30. Rxd7 Bxd7 31. Nxg7 Kxg7 32. Bxc5 Kf6 33. Kf1 Ke5
34. Ke2 Be6 35. b3 a5 36. Ke3 a4 37. Bd4+ Kf5 38. bxa4 Bxa2 39. Bg7 h5 40. Kd4
Bb1 41. a5 Bd3 42. Bh6 Bf1 43. g3 Ba6 44. Kd5 Bd3 45. Kc5 Kg4 46. Be3 Kh3 47.
Kb6 Kxh2 48. a6 Bxa6 49. Kxa6 Kh3 50. Kb5 h4 51. gxh4 Kxh4 52. Kc5 Kg4 1-0

[Event "Druga liga CS - zapad 2014"]
[Site "Sabac"]
[Date "2014.09.27"]
[Round "5.5"]
[White "Kikanovic, Zivota"]
[Black "Andjelic, Stevan"]
[Result "0-1"]
[WhiteElo "2147"]
[BlackElo "2102"]
[PlyCount "81"]
[EventDate "2014.09.25"]

1. Nf3 Nf6 2. g3 d5 3. Bg2 c6 4. O-O g6 5. b3 Bg7 6. Bb2 O-O 7. d3 Bf5 8. Nbd2
Qc8 9. Re1 Rd8 10. c4 Bh3 11. Bh1 dxc4 12. Nxc4 Nbd7 13. Ng5 Nf8 14. Nxh3 Qxh3
15. Bg2 Qf5 16. e4 Qd7 17. d4 Ne8 18. e5 Nc7 19. Qe2 Nd5 20. Ne3 Rac8 21. Nxd5
cxd5 22. Rac1 Ne6 23. Qd2 Rc6 24. Rxc6 Qxc6 25. Rc1 Qb6 26. Bh3 Nc7 27. Ba3 Ne6
28. Bc5 Nxc5 29. Rxc5 Bxe5 30. Bf1 Bf6 31. Kg2 a6 32. Qf4 Kg7 33. Qc7 Qxc7 34.
Rxc7 Rb8 35. Rd7 e6 36. Kf3 Bxd4 37. Bd3 a5 38. Ke2 b6 39. f3 Rc8 40. Kd2 Bc5
41. h3 {necitko} 0-1

[Event "Druga liga CS - zapad 2014"]
[Site "Sabac"]
[Date "2014.09.27"]
[Round "5.6"]
[White "Marceta, Predrag"]
[Black "Rajkovic, Mladen**"]
[Result "1-0"]
[WhiteElo "2285"]
[BlackElo "2150"]
[PlyCount "105"]
[EventDate "2014.09.25"]

1. e4 e5 2. Nf3 Nc6 3. Bb5 a6 4. Bxc6 dxc6 5. d3 Bd6 6. Nbd2 Be6 7. b3 f6 8.
Nc4 Bb4+ 9. Bd2 Bc5 10. Be3 Bb4+ 11. Bd2 Bc5 12. O-O Ne7 13. Be3 Bxe3 14. fxe3
c5 15. Qe2 b5 16. Nb2 Qd6 17. d4 cxd4 18. exd4 Qb6 19. Qf2 exd4 20. Nxd4 O-O
21. Nd3 Rad8 22. Nc5 Bc8 23. b4 a5 24. a3 Ng6 25. c3 Ne5 26. Qa2+ Nc4 27. Nxb5
Be6 28. Nd4 Bf7 29. Qf2 Rfe8 30. h3 Ra8 31. Qg3 Qd6 32. Kh2 Nd2 33. Rfe1 h5 34.
Nb5 Qxg3+ 35. Kxg3 Re7 36. Rad1 Nc4 37. a4 axb4 38. cxb4 Nb2 39. Ra1 Be8 40.
Nc3 Re5 41. a5 Nc4 42. a6 c6 43. Red1 Re7 44. Rd4 Nb6 45. Rad1 Rea7 46. Na2 Kf7
47. Nc1 Ke7 48. N1b3 Bd7 49. Na5 Be8 50. Rd6 Rc7 51. Ne6 Rcc8 52. Nxg7 Rxa6 53.
Nf5+ {necitko} 1-0

[Event "Druga liga CS - zapad 2014"]
[Site "Sabac"]
[Date "2014.09.27"]
[Round "5.6"]
[White "Pecinar, Zoran"]
[Black "Urosevic, Radojko"]
[Result "1-0"]
[WhiteElo "2177"]
[BlackElo "2211"]
[PlyCount "46"]
[EventDate "2014.09.25"]

1. c4 e5 2. Nc3 Nf6 3. g3 Bb4 4. Nd5 Nxd5 5. cxd5 O-O 6. Bg2 d6 7. Nf3 c5 8.
dxc6 Nxc6 9. a3 Bc5 10. d3 Rb8 11. b4 Bb6 12. Bb2 Re8 13. O-O a6 14. Rc1 d5 15.
Nd2 Bf5 16. Nb3 h5 17. Nc5 Qd6 18. h3 Bc8 19. Qd2 a5 20. Qc3 axb4 21. axb4 Nd4
22. Rfe1 Ra8 23. e3 Nc6 {necitko} 1-0

[Event "Druga liga CS - zapad 2014"]
[Site "Sabac"]
[Date "2014.09.27"]
[Round "5.6"]
[White "Kurcubic, Aleksandar"]
[Black "Radovanovic, Mihajlo**"]
[Result "1/2-1/2"]
[WhiteElo "2251"]
[BlackElo "1964"]
[PlyCount "73"]
[EventDate "2014.09.25"]

1. e4 c5 2. Nc3 Nc6 3. f4 g6 4. Nf3 Bg7 5. g3 e6 6. Bg2 Nge7 7. O-O d6 8. d3
O-O 9. Qe1 Rb8 10. a4 a6 11. g4 f5 12. gxf5 exf5 13. Ng5 h6 14. Nf3 b5 15. axb5
axb5 16. Nh4 Nd4 17. Qd1 b4 18. Ne2 fxe4 19. dxe4 Bf6 20. Nf3 Nec6 21. Qd3 d5
22. Nfxd4 Nxd4 23. exd5 Re8 24. Nxd4 Bxd4+ 25. Kh1 Rb6 26. Qg3 Bf5 27. c3 bxc3
28. bxc3 Bg7 29. Re1 Rb3 30. Bd2 Rb2 31. Rad1 Kh7 32. Rxe8 Qxe8 33. Qe3 Qa4 34.
Bf3 Qa2 35. Kg1 Bc2 36. Rf1 Bf5 37. Rd1 1/2-1/2

[Event "Druga liga CS - zapad 2014"]
[Site "Sabac"]
[Date "2014.09.27"]
[Round "5.6"]
[White "Civric, Zdravko"]
[Black "Marinkovic, Zoran"]
[Result "1/2-1/2"]
[WhiteElo "2211"]
[BlackElo "2240"]
[PlyCount "54"]
[EventDate "2014.09.25"]

1. e4 c5 2. Nf3 g6 3. c4 Nc6 4. d4 cxd4 5. Nxd4 Bg7 6. Be3 Nf6 7. Nc3 O-O 8.
Be2 d6 9. O-O Bd7 10. f3 Nxd4 11. Bxd4 a5 12. Qd2 Bc6 13. Rfd1 Nd7 14. Be3 a4
15. Rab1 Qa5 16. Rdc1 f5 17. Bd3 Ne5 18. exf5 Bxf3 19. fxg6 hxg6 20. Be2 Bg4
21. Re1 Bxe2 22. Qxe2 Qb4 23. c5 Ng4 24. a3 Qd4 25. Bxd4 Bxd4+ 26. Kh1 Nf2+ 27.
Kg1 Nh3+ 1/2-1/2

[Event "Druga liga CS - zapad 2014"]
[Site "Sabac"]
[Date "2014.09.27"]
[Round "5.6"]
[White "Dimitrijevic, Milorad"]
[Black "Knezevic, Veljko**"]
[Result "1/2-1/2"]
[WhiteElo "2101"]
[BlackElo "1890"]
[PlyCount "84"]
[EventDate "2014.09.25"]

1. e4 c5 2. Nf3 d6 3. c4 Nc6 4. d4 cxd4 5. Nxd4 Nf6 6. Nc3 g6 7. Be2 Bg7 8. Be3
O-O 9. O-O Bd7 10. f3 Rc8 11. Qd2 Ne5 12. b3 Re8 13. Rac1 Qa5 14. Rfd1 a6 15.
h3 Nc6 16. Kh1 Nh5 17. g4 Ng3+ 18. Kg2 Nxe2 19. Ncxe2 Qxd2 20. Rxd2 Nxd4 21.
Nxd4 b5 22. Rdc2 Bxd4 23. Bxd4 bxc4 24. Rxc4 Rxc4 25. Rxc4 Rc8 26. Rb4 Rc2+ 27.
Bf2 Rxa2 28. Rb7 Be6 29. Kg3 Kf8 30. h4 a5 31. e5 dxe5 32. Bc5 Ke8 33. Bxe7 Rb2
34. Bf6 Rxb3 35. Rxb3 Bxb3 36. Bxe5 Kd7 37. Kf4 Ke6 38. Ba1 Bd1 39. Ke3 a4 40.
g5 Kf5 41. Bb2 Bb3 42. Ba3 Bd1 1/2-1/2